000 00676nam a22001817a 4500
005 2012042309289.0
020 _c250.00
_a8173291098
035 _aB-67453
037 _b
_adpl
082 _a370
100 _aमदनगोपाल
_945581
245 1 _aशिक्षक-समाज की व्यथा-कथा /
_cमदनगोपाल
260 _aदिल्ली
_bशिलालेख
_c2003
270 _a
_b
_e
_k
300 _a256पृ.
_c22सेमी (सजिल्द)
942 _adpl
_cHN
_k
_2ddc
_h370
_mमदन
999 _c65451
_d65451